000 00770cam a2200241 a 4500
001 000018089
003 UkOxU
005 20200929165341.0
008 940217s1993 xxc 000 f eng d
020 _a037311558X
040 _aDO-SdBNP
_beng
_cLC
_dBNPHU
082 _a823.914
_bB163d
100 1 _aBaird, Jacqueline.
_939209
245 1 0 _aDishonourable proposal /
_cJacqueline Baird.
260 _aToronto :
_bHarlequin Books,
_c1993.
300 _a189 p. ;
_c18 cm.
490 1 _aHarlequin Presents
_aThe World´s Bestselling Romance
_v1558
650 4 _aNovela inglesa
_91071
650 4 _aLiteratura inglesa
_ySIGLO XX
_94369
830 0 _aHarlequin Presents ;
_pThe World´s Bestselling Romance,
_v1558
_939210
910 _aCatalogación derivada
049 _aBNGR
999 _c17611
_d17611